Las Transformaciones de la estructura socio-ocupacional de Panamá: 1960-1980

Uloženo v:
Podrobná bibliografie
Korporativní autor: CEPAL
Médium: Text
Vydáno: s.l.: CEPAL
Tagy: Přidat tag
Žádné tagy, Buďte první, kdo vytvoří štítek k tomuto záznamu!

MARC

LEADER 00000 a a2200000 04500
001 22441
003
040 |a CRAI/IIS  |c CRAI/IIS 
090 |a 151900  
110 |a CEPAL  
245 |a Las Transformaciones de la estructura socio-ocupacional de Panamá: 1960-1980  
260 |a s.l.:   |b CEPAL  
300 |a 69 p.  
999 |c 2692  |d 2692